O minimálnej mzde a vládnej politike

Minimálna mzda z hľadiska jej sociálnej a motivačnej funkcie. Súvislosť medzi zvyšovaním minimálnej mzdy a nezamestnanosťou. Nízka priemerná mzda na Slovensku - jeden z faktorov zmäkčujúcich podnikateľské prostredie. Hrozba antidumpingových opatrení Európskej únie. Mechanizmus zvyšovania minimálnej...

Description complète

Enregistré dans:
Détails bibliographiques
Auteur principal: Schmögnerová, Brigita
Format: Chapitre de livre
Langue:slovaque
Sujets:
Tags: Ajouter un tag
Pas de tags, Soyez le premier à ajouter un tag!

MARC

LEADER 00000naa a2200000 4500
001 r019413
005 20230801103553.8
041 0 |a slo 
044 |a SK 
245 1 0 |a O minimálnej mzde a vládnej politike  |c Brigita Schmögnerová 
520 |a Minimálna mzda z hľadiska jej sociálnej a motivačnej funkcie. Súvislosť medzi zvyšovaním minimálnej mzdy a nezamestnanosťou. Nízka priemerná mzda na Slovensku - jeden z faktorov zmäkčujúcich podnikateľské prostredie. Hrozba antidumpingových opatrení Európskej únie. Mechanizmus zvyšovania minimálnej mzdy v závislosti od rastu životných nákladov. 
610 2 0 |a Slovensko 
610 2 0 |a Európska únia 
610 2 0 |a 1990-1996 
610 2 0 |a mzdy minimálne 
610 2 0 |a mzdy priemerné 
610 2 0 |a súťaž nekalá 
610 2 0 |a nezamestnanosť 
610 2 0 |a prostredie podnikateľské 
100 1 |a Schmögnerová, Brigita